| 000 | 00527nam a2200169 4500 | ||
|---|---|---|---|
| 001 | 126593 | ||
| 003 | ES-MaACL | ||
| 005 | 20230906192839.0 | ||
| 007 | t| | ||
| 008 | 070214s1952 sp r ||||1| spa d | ||
| 100 | 1 |
_aRequena, Fermín. _996291 |
|
| 245 | 1 | 0 |
_aAtardecer _b: (poesías) / _cFermín Requena ; prólogo de Salvador González Anaya. |
| 260 |
_aAntequera : _b[s. n.], _cGráf. Unidas ( _f1952) |
||
| 300 |
_a112 p. ; _c19 cm. |
||
| 700 | 1 |
_aGonzález Anaya, Salvador. _958424 |
|
| 852 |
_aES-MaACL _jD-7420 _bR.32437 |
||
| 999 |
_c126593 _d126593 |
||